Iconografía chilena: diseño precolombino

Salvato in:
Dettagli Bibliografici
Autore principale: Cid Lizondo, Margarita (Autore)
Natura: Libro
Lingua:spagnolo
Pubblicazione: Santiago Ocho Libros 2007
Edizione:1a. ed
Soggetti:
Tags: Aggiungi Tag
Nessun Tag, puoi essere il primo ad aggiungerne!!

MARC

LEADER 00000cam a2200000 a 4500
001 UCH4798
003 CL-VaPUC
008 090903e20071200CL |||||||||||||||||spa|d
020 |a 9789568018450 
082 0 4 |a 709.83  |b CID  |2 21 
100 0 |a Cid Lizondo, Margarita  |e author  |9 540747 
245 1 0 |a Iconografía chilena: diseño precolombino 
250 |a 1a. ed 
300 |a 199 p 
942 |c BK 
945 |d 20090903 00:00:00  |a dcastane 
260 |a Santiago  |b Ocho Libros  |c 2007 
650 0 |a Iconografía   |9 267998 
650 0 |a Culturas precolombinas  |9 408769 
650 0 |a Arte precolombino  |9 330955 
583 |a last modification  |c 20120109 12:09:26  |k Rodrigo Vera 
999 |c 336066  |d 336064 
952 |0 0  |1 0  |4 0  |6 709_830000000000000_CID_2007  |7 0  |8 X  |9 426957  |a FDOMLP  |b FDOMLP  |d 2019-11-22  |i 4596862  |o 709.83 CID 2007  |p 4596862  |r 2019-11-22  |w 2019-11-22  |y BK_X  |k BUD 
952 |0 0  |1 0  |4 0  |6 709_830000000000000_CID_2007  |7 0  |8 R  |9 426958  |a BIBART  |b BIBART  |d 2019-11-22  |i 4658213  |l 1  |o 709.83 CID 2007  |p 4658213  |r 2025-03-13  |s 2022-12-05  |w 2019-11-22  |y BK_R  |k ART 
952 |0 0  |1 0  |4 0  |6 709_830000000000000_CID_2007  |7 0  |8 A  |9 426959  |a BIBHIS  |b BIBHIS  |d 2019-11-22  |i 4803701  |l 1  |o 709.83 CID 2007  |p 4803701  |r 2025-01-20  |s 2023-11-21  |w 2019-11-22  |y BK  |k HIS 
952 |0 0  |1 0  |4 0  |6 709_830000000000000_CID_2007  |7 0  |8 X  |9 426960  |a FDOMLP  |b FDOMLP  |d 2019-11-22  |i 4810899  |o 709.83 CID 2007  |p 4810899  |r 2019-11-22  |w 2019-11-22  |y BK_X  |k BU2 
952 |0 0  |1 0  |3 erb  |4 0  |6 709_830000000000000_CID_2007  |7 0  |8 R  |9 426961  |a BIBART  |b BIBART  |i 5504287  |l 1  |o 709.83 CID 2007  |p 5504287  |r 2025-03-13  |s 2022-12-05  |w 2019-11-22  |y BK_R  |z Catalogado en:20180927  |k ART